Les buteurs de France - Gibraltar - Statistiques

Statistiques générales
  • Ce quiz a été pris 58 fois
  • Le résultat moyen est 8 sur 14
Statistiques - réponses
Minutes Réponse % Correct
30' Kylian Mbappe
100%
74' Kylian Mbappe
100%
82' Kylian Mbappe
100%
89' Olivier Giroud
93%
90+1' Olivier Giroud
93%
73' Ousmane Dembele
82%
16' Warren Zaire-Emery
31%
34' Jonathan Clauss
27%
3' CSC
22%
36' Kingsley Coman
22%
65' Kingsley Coman
22%
37' Youssouf Fofana
22%
63' Adrien Rabiot
20%
4' Marcus Thuram
20%
Aucun quiz correspondant
Distribution des résultats
% des personnes avec chaque résultat
Percentile par nombre de réponses
Votre historique - résultats
Vous n’avez pas pris ce quiz